[Event "Cologne Chess Days op"]
[Site "Cologne"]
[Date "2009.08.28"]
[Round "2"]
[White "Rotstein, Jefim"]
[Black "Schreiber, Peter"]
[Result "1-0"]
[WhiteElo "2370"]
[BlackElo "1898"]
[PlyCount "49"]
[EventDate "2009.08.27"]
[EventType "swiss"]
[EventRounds "7"]
[EventCountry "GER"]
[SourceTitle "EXT 2011"]
[Source "ChessBase"]
[SourceDate "2010.11.26"]
[SourceVersion "1"]
[SourceVersionDate "2010.11.26"]
[SourceQuality "1"]

1. d4 Nf6 2. Nf3 g6 3. g3 Bg7 4. Bg2 d5 5. 0-0 0-0 6. c4 e6 7. Qc2 Nc6 8. a3 a5 9. b3 Nh5 10. Bb2 f5 11. cxd5 exd5 12. e3 Qe7 13. Nc3 Be6 14. Na4 Rad8 15. Nc5 Bc8 16. Nd3 Nf6 17. b4 axb4 18. axb4 Rfe8 19. Ba3 Qd7 20. Rfc1 Bf8 21. b5 Bxa3 22. Rxa3 Qe7 23. Ra4 Nb8 24. Qxc7 Bd7 25. Qxb7 1-0